000 00828nac a22002657a 4500
001 BR9700647
003 BR-BrBNA
005 20240105121853.0
008 230509b bl.|||m| |||| 00| 0 por d
040 _aBR-BrBNA
_bpor
_cBiblioteca Nacional de Agricultura
072 _aF01
090 _a1000 BR9700647
100 1 _aSallum, P.
110 1 _aFederacao dos Clubes Agricolas do Estado de Sao Paulo, SP (Brasil)
_94654
245 1 _aCitricultura
260 3 _aSao Paulo, SP (Brasil):
_c1960.
300 _a8 p.
490 _aClubes Agricolas - Federacao dos Clubes Agricolas do Estado de Sao Paulo (Brazil)
_vno. 17
_x
650 _aCitricultura
650 _aPratica Cultural
650 _aPraga de Planta
650 _aDoenca de Planta
909 _a202312
_bLúcia Elande
_c55
_dLúcia Elande
942 _2AGRIS
_n0
_cMS
999 _c287954
_d287954